| 000 -LEADER |
| fixed length control field |
00757nam a2200253Ia 4500 |
| 001 - CONTROL NUMBER |
| control field |
16498 |
| 003 - CONTROL NUMBER IDENTIFIER |
| control field |
GE_BSU |
| 008 - FIXED-LENGTH DATA ELEMENTS--GENERAL INFORMATION |
| fixed length control field |
181216s||||||||xx |||||||||||||| ||und|| |
| 020 ## - INTERNATIONAL STANDARD BOOK NUMBER |
| International Standard Book Number |
5884050313 |
| 040 ## - CATALOGING SOURCE |
| Transcribing agency |
GE_BSU |
| 080 ## - UNIVERSAL DECIMAL CLASSIFICATION NUMBER |
| Universal Decimal Classification number |
621.396.6.08 |
| 100 ## - MAIN ENTRY--PERSONAL NAME |
| Personal name |
Бакланов,И,Г |
| 245 ## - TITLE STATEMENT |
| Title |
Тестирование и диагностика систем связи |
| 245 ## - TITLE STATEMENT |
| Remainder of title |
издание для специалистов |
| 260 ## - PUBLICATION, DISTRIBUTION, ETC. |
| Place of publication, distribution, etc. |
Москва |
| 260 ## - PUBLICATION, DISTRIBUTION, ETC. |
| Name of publisher, distributor, etc. |
Эко-трендз |
| 260 ## - PUBLICATION, DISTRIBUTION, ETC. |
| Date of publication, distribution, etc. |
2001 |
| 300 ## - PHYSICAL DESCRIPTION |
| Extent |
268стр,ил,24см |
| 300 ## - PHYSICAL DESCRIPTION |
| Other physical details |
библиог,стр 261-264 |
| 653 ## - INDEX TERM--UNCONTROLLED |
| Uncontrolled term |
Тестирование и диагностика систем связи |
| 653 ## - INDEX TERM--UNCONTROLLED |
| Uncontrolled term |
ტექნიკა |
| 942 ## - ADDED ENTRY ELEMENTS (KOHA) |
| Koha item type |
წიგნი |